| 000 | 01386nam a2200373 a 4500 | ||
|---|---|---|---|
| 003 | AR-BaBNM | ||
| 005 | 20251128203900.0 | ||
| 008 | 082120s2002 ||||||||||||||000 | spa|| | ||
| 040 | _cAR-BaBNM | ||
| 100 | 1 | _aWarner, Ruby H. | |
| 245 | 0 | 0 | _aLa enseñanza en la escuela primaria actual |
| 260 |
_aBuenos Aires _bTroquel _bCentro Regional de Ayuda Técnica. Agencia para el Desarrollo Internacional _c1968 |
||
| 300 | _a146 p. | ||
| 490 | 0 | _aBiblioteca de la nueva educación | |
| 500 | _aContiene glosario | ||
| 500 | _aEsta publicación ha sido preparada conjuntamente por la editorial y el Centro Regional de Ayuda Técnica, Agencia para el Desarrollo Internacional AID, Departamento de Estado del Gobierno de los Estados Unidos de América. El Centro es una organización dedi | ||
| 504 | _aBibliografía: p. 137-139 | ||
| 650 | 4 | _aORGANIZACION DE LA EDUCACION | |
| 650 | 4 | _aSISTEMAS ESCOLARES | |
| 650 | 4 | _aHISTORIA DE LA EDUCACION | |
| 650 | 4 | _aTEORIAS DE LA EDUCACION | |
| 650 | 4 | _aTEORIAS DEL APRENDIZAJE | |
| 650 | 4 | _aDESARROLLO DEL NIÑO | |
| 650 | 4 | _aACTIVIDADES EN GRUPO | |
| 650 | 4 | _aSELECCION DE MATERIAL DIDACTICO | |
| 650 | 4 | _aEVALUACION | |
| 651 | 4 | _aEstados Unidos | |
| 653 | _aEDUCACION PRIMARIA | ||
| 653 | _aPEDAGOGOS | ||
| 700 | 1 |
_aChami, Lidia _etraductor |
|
| 700 | 1 |
_aBerly, John R. _eprologuista |
|
| 942 | _cBK | ||
| 998 | _cSILVI | ||
| 999 |
_c5317 _d5317 |
||